000 00772nam a2200241Ia 4500
003 OSt
005 20221005102831.0
006 a|||||r|||| 00| 0
007 ta
008 221004b |||||||| |||| 00| 0 hin d
024 _a29503
037 _cTextual
040 _aCRL
_cCRL
_bhin
041 _2hin
_ahin
082 _aW,8, 152N2
100 _aदुबे, रविकान्त
245 0 _aआधुनिक लोक प्रशासन
246 _aĀdhunik lok prashāsana
260 _aआगरा
_bलक्ष्मीनारायण अग्रवाल भारत
_c1992
300 _a61ृ0पृ.
_ccm.
942 _hW,8, 152N2
_cTEXL
_2cc
999 _c1009023
_d1009023